Breviarium romanum ex decreto sacrosancti concili tridenti restitutum S. PII V. Pontificis maximi jussu editum Clementis VIII & Urbani VIII auctoritate recognitum in quo officia novissima sanctorum accurate sun disposita. (Record no. 8260)

MARC details
000 -CABECERA
campo de control de longitud fija 01400nam a2200325 a 4500
001 - NÚMERO DE CONTROL
campo de control BRCA_8597
005 - FECHA Y HORA DE LA ÚLTIMA TRANSACCIÓN
campo de control 20190320210336.0
008 - DATOS DE LONGITUD FIJA--INFORMACIÓN GENERAL
campo de control de longitud fija 290816s1730----it-#######---#000-0#lat-#
041 ## - CÓDIGO DE LENGUA
Código de lengua del texto/banda sonora o título independiente lat
044 ## - CÓDIGO DEL PAÍS DE LA ENTIDAD EDITORA/PRODUCTORA
Código MARC del país it
050 #4 - SIGNATURA TOPOGRÁFICA DE LA BIBLIOTECA DEL CONGRESO
Número de clasificación BX2015
Número de documento/Ítem .B74
-- 1730
245 10 - MENCIÓN DE TÍTULO
Título Breviarium romanum ex decreto sacrosancti concili tridenti restitutum S. PII V. Pontificis maximi jussu editum Clementis VIII & Urbani VIII auctoritate recognitum in quo officia novissima sanctorum accurate sun disposita.
260 ## - PUBLICACIÓN, DISTRIBUCIÓN, ETC.
Lugar de publicación, distribución, etc. Venetis
Nombre del editor, distribuidor, etc. Ex typographia balleoniana
Fecha de publicación, distribución, etc. 1730
300 ## - DESCRIPCIÓN FÍSICA
Extensión 1 vol. (con varias paginaciones)
Dimensiones 33 cm
500 ## - NOTA GENERAL
Nota general Fondo antiguo
500 ## - NOTA GENERAL
Nota general Se encuentra en Caja Fuerte
500 ## - NOTA GENERAL
Nota general W-51
500 ## - NOTA GENERAL
Nota general Portada impresa a dos tintas negro y rojo, con grabado
500 ## - NOTA GENERAL
Nota general Texto escrito a dos columnas
500 ## - NOTA GENERAL
Nota general Con Ex-libris de: Franz Mayer
500 ## - NOTA GENERAL
Nota general Grabados en las páginas 108 y 160
500 ## - NOTA GENERAL
Nota general Uso de letras capitulares
500 ## - NOTA GENERAL
Nota general Incluye tablas
500 ## - NOTA GENERAL
Nota general Estado físico: encuadernación deteriorada del lomo, páginas 33 y 34 desprendidas
500 ## - NOTA GENERAL
Nota general Nota de encuadernación: piel con tapas en cartón, ordamentos dorados, cantoneras metálicas, edición de cantos dorados
506 0# - NOTA DE RESTRICCIONES AL ACCESO
Limitaciones de acceso Fondo reservado: para su consulta es necesario credencial de usuario y carta de motivos
650 14 - PUNTO DE ACCESO ADICIONAL DE MATERIA--TÉRMINO DE MATERIA
Término de materia o nombre geográfico como elemento de entrada Iglesia católica
Término indicativo de función/relación Liturgia
9 (RLIN) 15525
902 ## - CATALOGADOR
Iniciales LAR
942 ## - ELEMENTOS DE PUNTO DE ACCESO ADICIONAL (KOHA)
Fuente del sistema de clasificación o colocación Library of Congress Classification
Tipo de ítem Koha Libros
Holdings
Estado de retiro Estado de pérdida Estado dañado No para préstamo Localización permanente Ubicación/localización actual Fecha de adquisición Número de inventario Total de préstamos Signatura topográfica completa Código de barras Fecha visto por última vez Precio válido a partir de Tipo de ítem Koha
El ejemplar forma parte de la colección y puede ser consultado según las políticas vigentes.       Biblioteca del Museo Franz Mayer (Rogerio Casas-Alatriste) Biblioteca del Museo Franz Mayer (Rogerio Casas-Alatriste) 29/08/2016 W-51   BX2015 .B74 1730 (W-51) LAR00101 22/03/2019 22/03/2019 Libros